The great cultural traditions : The foundations of civilization
Sparad:
| Huvudupphovsman: | |
|---|---|
| Materialtyp: | Bok |
| Språk: | Undetermined |
| Publicerad: |
New York
McGraw-Hill
1941
|
| Ämnen: | |
| Taggar: |
Lägg till en tagg
Inga taggar, Lägg till första taggen!
|
| Thư viện lưu trữ: | Trung tâm Học liệu Trường Đại học Cần Thơ |
|---|
| LEADER | 00549nam a2200193Ia 4500 | ||
|---|---|---|---|
| 001 | CTU_217973 | ||
| 008 | 210402s9999 xx 000 0 und d | ||
| 020 | |c 10.8 | ||
| 082 | |a 930 | ||
| 082 | |b T942/Vol.2 | ||
| 100 | |a Turner, Ralph | ||
| 245 | 4 | |a The great cultural traditions : | |
| 245 | 4 | |b The foundations of civilization | |
| 245 | 0 | |c by Ralph Turner | |
| 260 | |a New York | ||
| 260 | |b McGraw-Hill | ||
| 260 | |c 1941 | ||
| 650 | |a Cities and towns, Ancient,Civilization, Ancient | ||
| 980 | |a Trung tâm Học liệu Trường Đại học Cần Thơ | ||